Vista normal Vista MARC

Entrada Geographic Name

Número de registros utilizados en: 1

001 - CONTROL NUMBER

  • control field: 13046

003 - CONTROL NUMBER IDENTIFIER

  • control field: OSt

005 - DATE AND TIME OF LATEST TRANSACTION

  • control field: 20210204140842.0

008 - FIXED-LENGTH DATA ELEMENTS

  • fixed length control field: 210204|| aca||aabn | a|a d

040 ## - CATALOGING SOURCE

  • Original cataloging agency: OSt
  • Transcribing agency: OSt

151 ## - HEADING--GEOGRAPHIC NAME

  • Geographic subdivision: Colombia
  • Form subdivision: Congresos, conferencias
  • General subdivision: Política y gobierno

670 ## - SOURCE DATA FOUND

  • Source citation: Work cat.: (OSt): Encuentro latinoamericano por la democracia y la integración (Bogotá ; Agosto 15 a 18 de 1998) 13043, Encuentro latinoamericano por la democracia y la integración : , 1991